000 00898pam a2200265 a 4500
001 551
005 20250822121749.0
020 _a0590428489 (lib. bdg.) :
_c$12.95
040 _aDLC
_cDLC
_dDLC
_beng
050 0 0 _aPZ10.3.H565
_bIb 1990
082 0 0 _a[E]
_220
100 1 _aHimmelman, John.
245 1 0 _aIbis :
_ba true whale story /
_cby John Himmelman.
260 _aNew York :
_bScholastic,
_c1990.
300 _a32 unnumbered pages :
_bcolor illustrations ;
_c24 cm.
505 _aH
520 _aRelates the adventures of a humpback whale calf that gets tangled in a fishing net and is later freed by a team of helpful whale watchers.
521 _a530
_bLexile
521 _aH
_bRaz-Plus
650 0 _aHumpback whale
_xJuvenile fiction.
650 1 _aHumpback whale
_xFiction.
650 1 _aWhales
_xFiction.
906 _a7
_bcbc
_corignew
_d1
_eocip
_f19
_gy-gencatlg
942 _2ddc
_cBK
_n0
999 _c551
_d551